000 00742 a2200205 4500
020 _a007100579X
020 _a9780071005791
090 _c536
_d536
100 1 _aMonks, Joseph G.
245 1 0 _aSchaum's outline of the theory and problems of operations management /
_cJoseph G. Monks.
250 _aInternat.2r.e. ed.
260 _a[S.l.] :
_bMcGraw-Hill Education (ISE Editions),
_c1987.
300 _a800 p.
500 _aImport.
500 _aPaperback.
650 4 _aProduction & quality control management.
856 4 0 _3Amazon.com
_uhttp://www.amazon.com/exec/obidos/ASIN/007100579X/chopaconline-20
856 4 0 _3Amazon customer reviews
_uhttp://www.chopac.org/cgi-bin/tools/azrev.pl?q=007100579X
942 _aNBS
_cBK
_k658.5 MON
999 _c343094
_d343094